[Event "3. ODEM U25 2006"]
[Site "Willingen GER"]
[Date "2006.06.07"]
[Round "6"]
[White "Knickel, Aaron"]
[Black "Jung, Gerhard"]
[Result "1-0"]
[Termination "normal"]
[Board "22"]
[WhiteElo "2007"]
[BlackElo "1836"]
[PlyCount "67"]
[WhiteFideId "24605298"]
[BlackFideId "24629812"]
[EventCountry "GER"]
[EventRounds "9"]
[EventType "swiss"]
[EventDate "2006.06.03"]

1. e4 e5 2. Nf3 Nc6 3. Bb5 a6 4. Ba4 Nf6 5. O-O Be7 6. Re1 b5 7. Bb3 O-O 8. a4
Bb7 9. c3 d6 10. d4 Qd7 11. Nbd2 Rfe8 12. Nf1 Bf8 13. Ng3 h6 14. h3 g6 15. Nh2
Bg7 16. f4 exf4 17. Bxf4 Nd8 18. Bc2 Ne6 19. Bc1 c5 20. d5 Nf8 21. Nf3 Qe7 22.
Qd3 c4 23. Qd1 N6d7 24. Rf1 Nc5 25. Nd4 bxa4 26. Bxa4 Rec8 27. Qg4 h5 28. Ngf5
gxf5 29. Qxg7+ Kxg7 30. Nxf5+ Kf6 31. Nxe7+ Kxe7 32. Bg5+ f6 33. Rxf6 Nxa4 34.
Raf1 1-0

[Event "3. ODEM U25 2006"]
[Site "Willingen GER"]
[Date "2006.06.07"]
[Round "6"]
[White "Rath, Oliver"]
[Black "Weber, Andre"]
[Result "1-0"]
[Termination "normal"]
[Board "23"]
[WhiteElo "1887"]
[BlackElo "1611"]
[PlyCount "49"]
[WhiteFideId "24610380"]
[BlackFideId "24677515"]
[EventCountry "GER"]
[EventRounds "9"]
[EventType "swiss"]
[EventDate "2006.06.03"]

1. d4 Nf6 2. c4 g6 3. Nc3 Bg7 4. e4 d6 5. f3 O-O 6. Be3 e5 7. d5 Nbd7 8. Qd2
Ne8 9. g4 Qe7 10. h4 f5 11. gxf5 gxf5 12. Nge2 f4 13. Bf2 c5 14. Rb1 Ndf6 15.
b4 b6 16. bxc5 bxc5 17. Qb2 Nh5 18. Qb5 Bd7 19. Qa5 Bc8 20. Na4 Bb7 21. Nxc5
dxc5 22. Bxc5 Nd6 23. Bxd6 Qxd6 24. Rxb7 Rfb8 25. c5 1-0

[Event "3. ODEM U25 2006"]
[Site "Willingen GER"]
[Date "2006.06.07"]
[Round "6"]
[White "Armbrust, Matthias"]
[Black "Müller, Alexander"]
[Result "1/2-1/2"]
[Termination "normal"]
[Board "24"]
[WhiteElo "1739"]
[BlackElo "1469"]
[PlyCount "61"]
[BlackFideId "4624696"]
[EventCountry "GER"]
[EventRounds "9"]
[EventType "swiss"]
[EventDate "2006.06.03"]

1. e4 c5 2. Nc3 d6 3. g3 g6 4. Bg2 Nc6 5. d3 Bg7 6. f4 Bd7 7. Nf3 f5 8. O-O Nf6
9. Re1 Ng4 10. h3 Nh6 11. e5 dxe5 12. fxe5 e6 13. Bf4 Nf7 14. Nb5 O-O 15. c3 a6
16. Nd6 Nxd6 17. exd6 Re8 18. Be3 Rc8 19. Bg5 Bf6 20. Bh6 e5 21. h4 Be6 22. Ng5
Bxg5 23. Bxg5 Qxd6 24. Qe2 Bd5 25. Bh3 b5 26. Bg2 Bxg2 27. Kxg2 e4 28. dxe4
Rxe4 29. Qc2 Rg4 30. Qf2 Qd5+ 31. Kh3 1/2-1/2

[Event "3. ODEM U25 2006"]
[Site "Willingen GER"]
[Date "2006.06.07"]
[Round "6"]
[White "Wisheckel, Florian"]
[Black "Elser, Niklas"]
[Result "0-1"]
[Termination "normal"]
[Board "25"]
[WhiteElo "1482"]
[BlackElo "1709"]
[PlyCount "140"]
[WhiteFideId "24678090"]
[BlackFideId "24634573"]
[EventCountry "GER"]
[EventRounds "9"]
[EventType "swiss"]
[EventDate "2006.06.03"]

1. e4 c5 2. Nf3 a6 3. Nc3 e6 4. d3 Qc7 5. g3 Nc6 6. Bg2 b5 7. Be3 Be7 8. Qd2
Nf6 9. O-O Bb7 10. Rfe1 d6 11. Bf4 b4 12. Nd1 Nd7 13. Re2 h6 14. d4 cxd4 15.
Qe1 e5 16. Bc1 Nc5 17. b3 a5 18. h4 Na7 19. Bb2 Ba6 20. Rd2 Nb5 21. Nh2 Nc3 22.
Bc1 Qb6 23. Nxc3 bxc3 24. Rd1 a4 25. Ba3 axb3 26. axb3 Ne6 27. Bf1 O-O 28. Bc1
Bxf1 29. Rxa8 Rxa8 30. Qxf1 Ra2 31. Qd3 Nc5 32. Qe2 d3 33. Qg4 Rxc2 34. Bxh6
Bf8 35. Be3 d2 36. Nf3 f6 37. h5 Qb7 38. Bxc5 Rc1 39. Nxd2 cxd2 40. Ba3 Qc7 41.
Kg2 Qc2 42. Bxc1 dxc1=Q 43. Rxc1 Qxc1 44. Qe6+ Kh8 45. Qf7 Qc8 46. b4 Qd8 47.
b5 Qe7 48. Qc4 d5 49. exd5 Qc5 50. Qxc5 Bxc5 51. Kf3 Kg8 52. Ke4 Bxf2 53. d6
Kf8 54. Kd5 Ke8 55. g4 Kd7 56. g5 fxg5 57. Kxe5 g4 58. b6 g3 59. b7 Ba7 60. Kf5
g2 61. Kg6 g1=Q+ 62. Kf7 Qg5 63. Kf8 Qxh5 64. Kg8 g5 65. Kf8 g4 66. Kg8 g3 67.
Kf8 g2 68. b8=Q Bxb8 69. Kg8 g1=Q+ 70. Kf8 Bxd6# 0-1

[Event "3. ODEM U25 2006"]
[Site "Willingen GER"]
[Date "2006.06.07"]
[Round "6"]
[White "Mertens, Fridolin"]
[Black "Balkan, Levent"]
[Result "0-1"]
[Termination "normal"]
[Board "26"]
[WhiteElo "1694"]
[BlackElo "1380"]
[PlyCount "66"]
[WhiteFideId "24671940"]
[EventCountry "GER"]
[EventRounds "9"]
[EventType "swiss"]
[EventDate "2006.06.03"]

1. e4 e5 2. Nf3 Nc6 3. Bb5 d6 4. O-O Bg4 5. c3 a6 6. Ba4 b5 7. Bb3 Nf6 8. Re1
Be7 9. h3 Bh5 10. d3 O-O 11. Be3 Rc8 12. Bc2 Na5 13. b4 Nb7 14. d4 exd4 15.
cxd4 c5 16. bxc5 dxc5 17. d5 Bd6 18. Bc1 Be5 19. a3 Bxa1 20. e5 Re8 21. exf6
Rxe1+ 22. Qxe1 Bxf6 23. Bf5 Ra8 24. Nbd2 Nd6 25. Bc2 Qa5 26. Ne5 Re8 27. f4 Nc4
28. Qe4 Bg6 29. f5 Rxe5 30. Qf3 Nxd2 31. Bxd2 Qxd2 32. d6 Re1+ 33. Kh2 Be5+ 0-1

[Event "3. ODEM U25 2006"]
[Site "Willingen GER"]
[Date "2006.06.07"]
[Round "6"]
[White "Vetter, Ulf"]
[Black "Kling, Felix"]
[Result "0-1"]
[Termination "normal"]
[Board "27"]
[WhiteElo "1376"]
[BlackElo "1684"]
[PlyCount "112"]
[EventCountry "GER"]
[EventRounds "9"]
[EventType "swiss"]
[EventDate "2006.06.03"]

1. e4 d6 2. d4 Nf6 3. Nc3 e5 4. dxe5 dxe5 5. Qxd8+ Kxd8 6. Bg5 Be6 7. Nf3 Nbd7
8. O-O-O Kc8 9. Be2 Bc5 10. Bh4 Ng4 11. Rhf1 f6 12. h3 Nh6 13. Nd2 g5 14. Bg3
Nf7 15. Nb3 Be7 16. f3 c6 17. Bf2 Kc7 18. Rd2 Rhd8 19. Rfd1 b6 20. Bg3 Nf8 21.
Rxd8 Rxd8 22. Rxd8 Kxd8 23. Kd2 Bb4 24. a3 Bxc3+ 25. Kxc3 Nd6 26. h4 h6 27.
hxg5 hxg5 28. a4 Ng6 29. Nd2 Kc7 30. Bc4 Nxc4 31. Nxc4 Bxc4 32. Kxc4 a6 33. b4
b5+ 34. axb5 axb5+ 35. Kb3 Kd6 36. c4 Ke6 37. c5 f5 38. Kc3 fxe4 39. fxe4 Nf4
40. Bxf4 gxf4 41. Kd3 Kf6 42. Ke2 Kg5 43. Kf3 Kh4 44. Kf2 Kg4 45. Ke2 Kg3 46.
Kf1 f3 47. Kg1 Kf4 48. Kf2 fxg2 49. Kxg2 Kxe4 50. Kf2 Kd3 51. Ke1 Ke3 52. Kd1
e4 53. Ke1 Kd3 54. Kd1 e3 55. Ke1 e2 56. Kf2 Kd2 0-1

[Event "3. ODEM U25 2006"]
[Site "Willingen GER"]
[Date "2006.06.07"]
[Round "6"]
[White "Weißbeck, Simon"]
[Black "Maier, Marius"]
[Result "1-0"]
[Termination "normal"]
[Board "28"]
[WhiteElo "1672"]
[BlackElo "1439"]
[PlyCount "59"]
[WhiteFideId "24646865"]
[EventCountry "GER"]
[EventRounds "9"]
[EventType "swiss"]
[EventDate "2006.06.03"]

1. e4 c6 2. d4 d5 3. e5 Bf5 4. Nf3 e6 5. Bd3 Bxd3 6. Qxd3 Nd7 7. O-O Ne7 8. Bg5
Qb6 9. Nbd2 h6 10. Be3 c5 11. c3 Nf5 12. Rab1 Nxe3 13. fxe3 a5 14. Qc2 Be7 15.
a3 Qc6 16. c4 O-O 17. Rfc1 Rfc8 18. cxd5 Qxd5 19. Qd3 Nb6 20. Qb5 Qc6 21. Qxc6
Rxc6 22. Nc4 cxd4 23. Nxb6 Rxb6 24. Rc7 Kf8 25. Nxd4 Ke8 26. b3 Rd8 27. a4 Rb4
28. h4 f6 29. Nxe6 Rd7 30. Nxg7+ 1-0

[Event "3. ODEM U25 2006"]
[Site "Willingen GER"]
[Date "2006.06.07"]
[Round "6"]
[White "Eigemann, Julian"]
[Black "Bergner, Philipp"]
[Result "1/2-1/2"]
[Termination "normal"]
[Board "29"]
[WhiteElo "1468"]
[BlackElo "1668"]
[PlyCount "42"]
[WhiteFideId "24666599"]
[BlackFideId "24664839"]
[EventCountry "GER"]
[EventRounds "9"]
[EventType "swiss"]
[EventDate "2006.06.03"]

1. e4 c5 2. Nc3 d6 3. f4 e6 4. Nf3 Nf6 5. Bc4 Be7 6. O-O a6 7. e5 Nfd7 8. exd6
Bxd6 9. Ng5 Nb6 10. d3 h6 11. Nge4 Be7 12. Be3 Qc7 13. Qh5 g6 14. Qe5 Qxe5 15.
fxe5 Nxc4 16. dxc4 b6 17. Nf6+ Bxf6 18. exf6 Bb7 19. Rad1 Nd7 20. Rd6 Rc8 21.
Bf4 g5 1/2-1/2

[Event "3. ODEM U25 2006"]
[Site "Willingen GER"]
[Date "2006.06.07"]
[Round "6"]
[White "Emde, Daniel"]
[Black "Tiemann, Tobias"]
[Result "0-1"]
[Termination "normal"]
[Board "30"]
[WhiteElo "1636"]
[BlackElo "989"]
[PlyCount "150"]
[WhiteFideId "24602221"]
[BlackFideId "4642350"]
[EventCountry "GER"]
[EventRounds "9"]
[EventType "swiss"]
[EventDate "2006.06.03"]

1. d4 Nf6 2. Bg5 g6 3. c4 Bg7 4. Nc3 d6 5. Qd2 O-O 6. Bh6 Nbd7 7. Bxg7 Kxg7 8.
e4 c6 9. Be2 e5 10. Nf3 exd4 11. Nxd4 Re8 12. f3 Nb6 13. O-O Be6 14. b3 Rc8 15.
Rad1 Qc7 16. Nxe6+ Rxe6 17. Qb2 Rd8 18. Rd2 Nc8 19. Rfd1 h5 20. c5 Rde8 21.
cxd6 Rxd6 22. Na4 Rxd2 23. Rxd2 Qe5 24. Qxe5 Rxe5 25. Nb2 Nb6 26. Kf2 Nfd7 27.
Nc4 Re7 28. g3 Nxc4 29. Bxc4 Nc5 30. Rd6 Rd7 31. Rxd7 Nxd7 32. f4 b5 33. Be2 b4
34. Ke3 c5 35. Kd3 Nb6 36. Bf3 Kf6 37. Be2 Ke6 38. h4 f5 39. e5 Kd7 40. Kd2 Ke7
41. Kc2 a5 42. Bf3 Kd7 43. Kb2 Kc7 44. a3 Kd7 45. axb4 axb4 46. Kc2 Kc7 47. Be2
Kd7 48. Bb5+ Ke6 49. Kd3 Ke7 50. Bc4 Ke8 51. Bg8 Kf8 52. Bh7 Kg7 53. e6 Nc8 54.
Bxg6 Kxg6 55. Kc4 Kf6 56. Kxc5 Kxe6 57. Kxb4 Kd5 58. Kc3 Nd6 59. b4 Ne4+ 60.
Kb3 Kc6 61. Kc4 Nxg3 62. b5+ Kb6 63. Kb4 Ne4 64. Kc4 Nd2+ 65. Kd4 Nf3+ 66. Kd5
Nxh4 67. Ke5 Kxb5 68. Kf6 Kc5 69. Kg5 Kd4 70. Kxh4 Ke4 71. Kg5 h4 72. Kxh4 Kxf4
73. Kh3 Kf3 74. Kh2 f4 75. Kg1 Ke2 0-1

[Event "3. ODEM U25 2006"]
[Site "Willingen GER"]
[Date "2006.06.07"]
[Round "6"]
[White "Schmalz, David"]
[Black "Häcker, Katrin"]
[Result "0-1"]
[Termination "normal"]
[Board "31"]
[WhiteElo "1809"]
[BlackElo "1457"]
[PlyCount "56"]
[WhiteFideId "4642228"]
[BlackFideId "24667986"]
[EventCountry "GER"]
[EventRounds "9"]
[EventType "swiss"]
[EventDate "2006.06.03"]

1. e4 e5 2. Nf3 Nc6 3. Bc4 Bc5 4. O-O Nf6 5. d3 d6 6. h3 Be6 7. Bb3 Qd7 8. c3
Bb6 9. Nbd2 d5 10. exd5 Nxd5 11. Nc4 f6 12. Nxb6 Nxb6 13. Bc2 O-O-O 14. b4 g5
15. a4 g4 16. Nh2 gxh3 17. Bd2 hxg2 18. Re1 Nd5 19. Qf3 Rhg8 20. d4 Kb8 21. Qe2
Bf5 22. Bxf5 Qxf5 23. b5 Nce7 24. dxe5 fxe5 25. Qc4 Ng6 26. Kxg2 Ngf4+ 27. Kh1
Qh3 28. Rg1 Rg2 0-1

[Event "3. ODEM U25 2006"]
[Site "Willingen GER"]
[Date "2006.06.07"]
[Round "6"]
[White "Hinz, Arne"]
[Black "Imcke, Patrick"]
[Result "1-0"]
[Termination "normal"]
[Board "32"]
[WhiteElo "1784"]
[BlackElo "1186"]
[PlyCount "51"]
[WhiteFideId "24634875"]
[BlackFideId "4622502"]
[EventCountry "GER"]
[EventRounds "9"]
[EventType "swiss"]
[EventDate "2006.06.03"]

1. e4 e6 2. d4 d5 3. exd5 exd5 4. Bd3 c5 5. dxc5 Bxc5 6. Nf3 Nf6 7. O-O O-O 8.
Nc3 Bg4 9. h3 Bh5 10. Bg5 Kh8 11. Be2 Re8 12. Bxf6 gxf6 13. Bb5 Nc6 14. g4 Rg8
15. Kh1 Qd7 16. Qxd5 Qxd5 17. Nxd5 Bg6 18. Nxf6 Rgd8 19. Bxc6 bxc6 20. h4 Bb6
21. Rac1 Kg7 22. g5 Rd6 23. h5 Bf5 24. h6+ Kh8 25. Ne5 Rf8 26. f4 1-0

[Event "3. ODEM U25 2006"]
[Site "Willingen GER"]
[Date "2006.06.07"]
[Round "6"]
[White "Heinrich, Philipp"]
[Black "Szczap, Arthur"]
[Result "0-1"]
[Termination "normal"]
[Board "33"]
[WhiteElo "1180"]
[BlackElo "1631"]
[PlyCount "52"]
[BlackFideId "24637394"]
[EventCountry "GER"]
[EventRounds "9"]
[EventType "swiss"]
[EventDate "2006.06.03"]

1. d4 Nf6 2. Nc3 e6 3. e4 Bb4 4. Bd3 Bxc3+ 5. bxc3 d6 6. Bg5 e5 7. d5 Nbd7 8.
Nf3 Nc5 9. O-O a6 10. Bxf6 Qxf6 11. Re1 O-O 12. h3 Qe7 13. Re3 f5 14. Qe2 f4
15. Bc4 fxe3 16. Qxe3 Qf6 17. Rb1 Bxh3 18. Nxe5 Qxe5 19. Qxh3 Qxe4 20. Rb4 Qe1+
21. Bf1 Qxf2+ 22. Kh2 Qxf1 23. Qg3 Qf2 24. Qg5 Qf5 25. Qxf5 Rxf5 26. Rc4 Re8
0-1

[Event "3. ODEM U25 2006"]
[Site "Willingen GER"]
[Date "2006.06.07"]
[Round "6"]
[White "Biebinger, Eva"]
[Black "Rummer, Evi"]
[Result "1/2-1/2"]
[Termination "normal"]
[Board "34"]
[WhiteElo "1344"]
[BlackElo "1530"]
[PlyCount "63"]
[BlackFideId "12900117"]
[EventCountry "GER"]
[EventRounds "9"]
[EventType "swiss"]
[EventDate "2006.06.03"]

1. c4 e5 2. Nc3 Nf6 3. g3 Bc5 4. e3 Nc6 5. Bg2 O-O 6. Nge2 Re8 7. O-O d6 8. d4
exd4 9. exd4 Bb6 10. a3 a5 11. Be3 Bg4 12. Qd2 Rb8 13. Rae1 Ne7 14. b4 axb4 15.
axb4 Nf5 16. Nf4 c5 17. dxc5 Nxe3 18. Rxe3 dxc5 19. Qxd8 Rexd8 20. b5 Ba5 21.
Ncd5 Bd2 22. Re7 Kf8 23. Rc7 b6 24. f3 Bd7 25. Nxf6 gxf6 26. Nd5 Kg7 27. Rd1
Ba5 28. f4 Bg4 29. Rc1 Re8 30. h3 Be2 31. Bf1 Bf3 32. Bg2 1/2-1/2

[Event "3. ODEM U25 2006"]
[Site "Willingen GER"]
[Date "2006.06.07"]
[Round "6"]
[White "Srokovskiy, Alexander"]
[Black "Stövesand, Peter"]
[Result "1-0"]
[Termination "normal"]
[Board "35"]
[WhiteElo "1493"]
[BlackElo "1050"]
[PlyCount "39"]
[WhiteFideId "24676330"]
[BlackFideId "1270624"]
[EventCountry "GER"]
[EventRounds "9"]
[EventType "swiss"]
[EventDate "2006.06.03"]

1. e4 e5 2. Nf3 Nc6 3. d4 exd4 4. Nxd4 Bc5 5. Be3 Nxd4 6. Bxd4 Bxd4 7. Qxd4 Qf6
8. e5 Qg5 9. Nc3 Ne7 10. Nb5 Kd8 11. h4 Qg6 12. O-O-O Nc6 13. Qe3 Nb4 14. Qb3
a5 15. a3 Na6 16. Qc3 Qb6 17. f3 Qh6+ 18. Kb1 c6 19. Qxa5+ Ke8 20. Nd6+ 1-0

[Event "3. ODEM U25 2006"]
[Site "Willingen GER"]
[Date "2006.06.07"]
[Round "6"]
[White "Gogol, Max"]
[Black "Schäfer, Simon"]
[Result "1/2-1/2"]
[Termination "normal"]
[Board "36"]
[WhiteElo "1220"]
[BlackElo "1488"]
[PlyCount "59"]
[WhiteFideId "4620429"]
[EventCountry "GER"]
[EventRounds "9"]
[EventType "swiss"]
[EventDate "2006.06.03"]

1. d4 d5 2. Nf3 Nf6 3. c3 Bg4 4. Bg5 e6 5. e3 c5 6. Nbd2 Nbd7 7. Be2 Be7 8. O-O
O-O 9. h3 Bh5 10. Ne1 Bxe2 11. Qxe2 Re8 12. f4 a6 13. Nd3 Rc8 14. Rfc1 b5 15.
a3 Ne4 16. Bxe7 Qxe7 17. Nxe4 dxe4 18. Ne5 f5 19. Nxd7 Qxd7 20. dxc5 Rxc5 21.
Rd1 Rd5 22. Rxd5 Qxd5 23. Rd1 Qc6 24. Qd2 Qb6 25. Qd4 Qxd4 26. Rxd4 e5 27. fxe5
Rxe5 28. Kf2 Re6 29. c4 bxc4 30. Rxc4 1/2-1/2

[Event "3. ODEM U25 2006"]
[Site "Willingen GER"]
[Date "2006.06.07"]
[Round "6"]
[White "Huynh, Nhi Lang"]
[Black "Worpenberg, Matthias"]
[Result "1-0"]
[Termination "normal"]
[Board "37"]
[WhiteElo "1464"]
[BlackElo "951"]
[PlyCount "95"]
[WhiteFideId "24669180"]
[BlackFideId "24618128"]
[EventCountry "GER"]
[EventRounds "9"]
[EventType "swiss"]
[EventDate "2006.06.03"]

1. c4 e5 2. Nc3 Nf6 3. g3 c6 4. Bg2 d5 5. cxd5 cxd5 6. d3 Bb4 7. Bd2 Nc6 8. Rc1
Bf5 9. Nf3 Qd7 10. O-O Bh3 11. a3 Bc5 12. Bg5 Be7 13. Bxh3 Qxh3 14. Bxf6 Bxf6
15. Nxd5 Bd8 16. Qb3 h5 17. Qxb7 Qc8 18. Qxc6+ Qxc6 19. Rxc6 O-O 20. Nxe5 f6
21. Ng6 Re8 22. Ndf4 Ba5 23. e3 Rad8 24. d4 Bd2 25. Re6 Kf7 26. Rxe8 Rxe8 27.
b4 Rc8 28. Rd1 Bc1 29. Rd3 Bb2 30. Rb3 Rc1+ 31. Kg2 Rb1 32. Nd3 Ba1 33. Rxb1
Bc3 34. Ngf4 g5 35. Nd5 Bxb4 36. Rxb4 Kg6 37. f4 g4 38. e4 f5 39. e5 Kf7 40.
Rb7+ Ke6 41. Nc5+ Kxd5 42. e6 Kxd4 43. e7 Kxc5 44. e8=Q Kc4 45. Qb5+ Kd4 46.
Qc6 Kd3 47. Rd7+ Ke2 48. Qe6# 1-0

[Event "3. ODEM U25 2006"]
[Site "Willingen GER"]
[Date "2006.06.07"]
[Round "6"]
[White "Berger, Manuel"]
[Black "Wierum, Colin"]
[Result "1/2-1/2"]
[Termination "normal"]
[Board "38"]
[WhiteElo "1129"]
[BlackElo "1459"]
[PlyCount "89"]
[WhiteFideId "24692506"]
[BlackFideId "24677981"]
[EventCountry "GER"]
[EventRounds "9"]
[EventType "swiss"]
[EventDate "2006.06.03"]

1. c4 f5 2. Nc3 g6 3. g3 Bg7 4. Bg2 Nf6 5. e3 O-O 6. Nge2 e5 7. O-O d6 8. d4 e4
9. f3 exf3 10. Bxf3 Re8 11. b4 a6 12. Bd2 Nc6 13. Rb1 Rb8 14. a4 Bd7 15. b5
axb5 16. axb5 Ne7 17. d5 Nc8 18. Nd4 Nb6 19. Qb3 Bh6 20. Rfe1 Kh8 21. Re2 Ra8
22. Rbe1 Ne4 23. Nxe4 fxe4 24. Bc3 Bg7 25. Bg2 Na4 26. h3 Qg5 27. g4 Qh4 28.
Rc1 Qg3 29. Be1 Qe5 30. Ra2 Nc5 31. Qc2 Rxa2 32. Qxa2 Nd3 33. Rd1 Rf8 34. Qe2
Nxe1 35. Qxe1 Bh6 36. Ra1 Qf6 37. Ra7 Bg5 38. Rxb7 Bh4 39. Qf1 Qe7 40. Qa1 Kg8
41. Nc6 Bxc6 42. bxc6 Bf2+ 43. Kh1 Bxe3 44. Qe1 Bb6 45. Qxe4 1/2-1/2

[Event "3. ODEM U25 2006"]
[Site "Willingen GER"]
[Date "2006.06.07"]
[Round "6"]
[White "Durmisi, Valon"]
[Black "Tiemann, Christoph"]
[Result "0-1"]
[Termination "normal"]
[Board "39"]
[WhiteElo "1570"]
[BlackElo "1536"]
[PlyCount "120"]
[BlackFideId "24676900"]
[EventCountry "GER"]
[EventRounds "9"]
[EventType "swiss"]
[EventDate "2006.06.03"]

1. e4 c5 2. Nf3 Nc6 3. d4 cxd4 4. Nxd4 Nf6 5. Nc3 e5 6. Ndb5 d6 7. Nd5 Nxd5 8.
exd5 Ne7 9. c3 Ng6 10. Be2 Be7 11. O-O O-O 12. Be3 a6 13. Na3 b5 14. Nc2 f5 15.
f4 exf4 16. Bxf4 Nxf4 17. Rxf4 Bg5 18. Rf1 Bd7 19. Kh1 Re8 20. Bf3 Bf6 21. Nb4
Be5 22. g3 Qg5 23. Qe1 f4 24. gxf4 Qxf4 25. Qf2 Rf8 26. Nd3 Qf6 27. Nxe5 Qxe5
28. Qg3 Qxg3 29. hxg3 Bh3 30. Rf2 Bg4 31. Raf1 Bxf3+ 32. Rxf3 Rxf3 33. Rxf3 Re8
34. Kg2 Re5 35. Kf2 Re7 36. Re3 Rxe3 37. Kxe3 Kf7 38. Kf4 Kf6 39. b3 h5 40. c4
g5+ 41. Kf3 bxc4 42. bxc4 Ke5 43. Ke3 a5 44. a4 h4 45. gxh4 gxh4 46. Kf3 Kd4
47. Kg4 Kxc4 48. Kxh4 Kxd5 49. Kg4 Kc4 50. Kf4 Kb4 51. Ke4 Kxa4 52. Kd5 Kb3 53.
Kxd6 a4 54. Ke5 a3 55. Kd6 a2 56. Ke5 a1=Q+ 57. Kd5 Qc3 58. Ke6 Qc5 59. Kf6 Qc4
60. Kg6 Qd4 0-1

[Event "3. ODEM U25 2006"]
[Site "Willingen GER"]
[Date "2006.06.07"]
[Round "6"]
[White "Kahleys, Kevin"]
[Black "Hauffen, Kai"]
[Result "0-1"]
[Termination "normal"]
[Board "40"]
[WhiteElo "1448"]
[BlackElo "1218"]
[PlyCount "56"]
[WhiteFideId "24669601"]
[EventCountry "GER"]
[EventRounds "9"]
[EventType "swiss"]
[EventDate "2006.06.03"]

1. e4 c5 2. Nf3 d6 3. d4 cxd4 4. Nxd4 Nf6 5. Nc3 a6 6. Bg5 e6 7. f4 Be7 8. Bd3
b5 9. O-O Bb7 10. a3 Qb6 11. Ncxb5 axb5 12. Bxb5+ Bc6 13. Bxc6+ Nxc6 14. c3 O-O
15. Bxf6 Bxf6 16. Qb3 Bxd4+ 17. cxd4 Qxb3 18. d5 exd5 19. exd5 Qxd5 20. Rad1
Qc5+ 21. Kh1 Rfe8 22. b4 Qc2 23. Rxd6 Re2 24. Rg1 Rae8 25. h3 Re1 26. Rxe1
Rxe1+ 27. Kh2 Re2 28. b5 Rxg2+ 0-1

[Event "3. ODEM U25 2006"]
[Site "Willingen GER"]
[Date "2006.06.07"]
[Round "6"]
[White "Gussenberg, Torben"]
[Black "Kabitzke, Julian"]
[Result "0-1"]
[Termination "normal"]
[Board "42"]
[WhiteElo "1140"]
[BlackElo "1363"]
[PlyCount "84"]
[BlackFideId "24669547"]
[EventCountry "GER"]
[EventRounds "9"]
[EventType "swiss"]
[EventDate "2006.06.03"]

1. e4 c5 2. Nf3 Nc6 3. d4 cxd4 4. Nxd4 Nf6 5. Nc3 e5 6. Ndb5 d6 7. Bg5 a6 8.
Na3 b5 9. Bxf6 gxf6 10. Nd5 f5 11. exf5 Bxf5 12. c3 Be7 13. Nc2 Rg8 14. Nce3
Be6 15. g3 Bg5 16. Bg2 Ne7 17. Nxe7 Kxe7 18. Bxa8 Qxa8 19. Rg1 Qe4 20. Qe2 b4
21. f3 Qb7 22. f4 Bxf4 23. Rf1 Bh6 24. Nf5+ Bxf5 25. Rxf5 bxc3 26. bxc3 Qc6 27.
Qf3 Qc4 28. Rb1 e4 29. Rb4 Qxb4 30. cxb4 exf3 31. Rxf3 Rb8 32. a3 Rb5 33. Ke2
Ke6 34. h4 Re5+ 35. Kd3 Rf5 36. Rxf5 Kxf5 37. Ke2 Kg4 38. Kf2 Bc1 39. a4 Bd2
40. b5 axb5 41. axb5 Ba5 42. h5 Bb6+ 0-1

[Event "3. ODEM U25 2006"]
[Site "Willingen GER"]
[Date "2006.06.07"]
[Round "6"]
[White "Tsoumanis, Konstantinos"]
[Black "Wenninger, Philipp"]
[Result "0-1"]
[Termination "normal"]
[Board "43"]
[WhiteElo "1322"]
[BlackElo "1021"]
[PlyCount "58"]
[BlackFideId "4648404"]
[EventCountry "GER"]
[EventRounds "9"]
[EventType "swiss"]
[EventDate "2006.06.03"]

1. Nf3 c5 2. c4 Nc6 3. Nc3 g6 4. g3 Bg7 5. Bg2 Nf6 6. d3 O-O 7. Bd2 Qb6 8. Qc1
d6 9. b3 Bg4 10. Bh6 Bxf3 11. exf3 Bxh6 12. Qxh6 Nd4 13. Qd2 Qc6 14. Ne4 Nd7
15. Qb2 Ne5 16. Qc3 f5 17. Nd2 b5 18. cxb5 Nxb5 19. Qc2 Nd4 20. Qc3 Qa6 21. Bf1
Nexf3+ 22. Nxf3 Nxf3+ 23. Ke2 Nd4+ 24. Kd2 Qc6 25. Qc4+ Kg7 26. Be2 f4 27. Bg4
fxg3 28. hxg3 Rxf2+ 29. Kc3 Raf8 0-1

[Event "3. ODEM U25 2006"]
[Site "Willingen GER"]
[Date "2006.06.07"]
[Round "6"]
[White "Kinzel, Franziska"]
[Black "Brühan, Jan"]
[Result "1-0"]
[Termination "normal"]
[Board "45"]
[WhiteElo "1426"]
[BlackElo "1007"]
[PlyCount "37"]
[EventCountry "GER"]
[EventRounds "9"]
[EventType "swiss"]
[EventDate "2006.06.03"]

1. e4 e5 2. Nf3 Nc6 3. d4 exd4 4. Nxd4 Nf6 5. f3 Bc5 6. c3 Nxd4 7. cxd4 Bb4+ 8.
Nc3 d6 9. Bd3 Be6 10. O-O O-O 11. Bg5 c5 12. dxc5 Bxc5+ 13. Kh1 h6 14. Bh4 g5
15. Be1 d5 16. Qc2 Qd6 17. Bg3 Qd7 18. Nxd5 Rac8 19. Nxf6+ 1-0

[Event "3. ODEM U25 2006"]
[Site "Willingen GER"]
[Date "2006.06.07"]
[Round "6"]
[White "Naundorf, Jo-Jan"]
[Black "Holle, Eric"]
[Result "1-0"]
[Termination "normal"]
[Board "46"]
[WhiteElo "1244"]
[BlackElo "878"]
[PlyCount "56"]
[BlackFideId "4624610"]
[EventCountry "GER"]
[EventRounds "9"]
[EventType "swiss"]
[EventDate "2006.06.03"]

1. e4 e5 2. Nf3 Nc6 3. Bb5 d6 4. O-O Nf6 5. Nc3 Be7 6. d4 exd4 7. Nxd4 Bd7 8.
Nxc6 Bxc6 9. Bxc6+ bxc6 10. Bf4 d5 11. e5 Nd7 12. Re1 O-O 13. Qd3 Rb8 14. Rab1
Bc5 15. Qg3 Kh8 16. e6 fxe6 17. Rxe6 Bd4 18. Nd1 Rf7 19. Bxc7 Bxf2+ 20. Nxf2
Qc8 21. Bxb8 Nxb8 22. Rbe1 Rf8 23. Re7 Rg8 24. Qg4 Qd8 25. Qh5 h6 26. Re8 Rxe8
27. Rxe8+ Qxe8 28. Qxe8+ Kh7 1-0

[Event "3. ODEM U25 2006"]
[Site "Willingen GER"]
[Date "2006.06.07"]
[Round "6"]
[White "Plumbaum, Nadja"]
[Black "Bauer, Hermann"]
[Result "1/2-1/2"]
[Termination "normal"]
[Board "48"]
[WhiteElo "971"]
[BlackElo "1022"]
[PlyCount "83"]
[WhiteFideId "24691941"]
[BlackFideId "24601730"]
[EventCountry "GER"]
[EventRounds "9"]
[EventType "swiss"]
[EventDate "2006.06.03"]

1. c4 e5 2. Nc3 Nf6 3. d3 Bc5 4. Nf3 Nc6 5. g3 h6 6. Bg2 d6 7. O-O O-O 8. Bd2
Bg4 9. a3 Bd4 10. Nxd4 Nxd4 11. Rb1 Nc6 12. h3 Bd7 13. Qb3 Qc8 14. Kh2 Rb8 15.
Qd1 Nh7 16. Qc1 Qd8 17. f4 Nd4 18. Be3 Nb3 19. Qd1 exf4 20. Rxf4 Nc5 21. b4 Re8
22. bxc5 Rxe3 23. Be4 Qg5 24. Qg1 Qxc5 25. d4 Rxe2+ 26. Nxe2 Qxc4 27. Qf2 Nf6
28. Rc1 Nxe4 29. Rxc4 Nxf2 30. Rxf2 Bc6 31. Rc1 Re8 32. Nf4 d5 33. Rf3 f6 34.
Rff1 Re3 35. Rfe1 Rxa3 36. Re7 Ra2+ 37. Kg1 Rd2 38. Nh5 Rxd4 39. Rxg7+ Kf8 40.
Re1 Re4 41. Rf1 Re6 42. Rg6 1/2-1/2